[Event "Viljandi Raud Memorial 57th"]
[Site "Viljandi"]
[Date "2023.07.09"]
[Round "9"]
[White "Staub, Madis"]
[Black "Lain, Sander"]
[Result "0-1"]
[WhiteElo "1476"]
[BlackElo "1507"]
[PlyCount "54"]
[EventDate "2023.07.02"]
[EventType "swiss"]
[EventRounds "9"]
[EventCountry "EST"]
[SourceTitle "CBM 215 Extra"]
[Source "ChessBase"]
[SourceDate "2023.09.30"]
[SourceVersion "1"]
[SourceVersionDate "2023.09.30"]
[SourceQuality "1"]

1. e4 e5 2. Nf3 Nc6 3. Bc4 Nf6 4. d4 exd4 5. e5 d5 6. exf6 dxc4 7. fxg7 Bxg7 8. Bg5 Qd5 9. 0-0 Be6 10. Nc3 dxc3 11. Qe2 cxb2 12. Rad1 Qf5 13. Rfe1 0-0 14. h3 h6 15. Bh4 c3 16. g4 Qg6 17. Bg3 Bxa2 18. Nh4 Qh7 19. Nf5 Rad8 20. Bxc7 Rxd1 21. Rxd1 b1R 22. Rxb1 Bxb1 23. Qe4 Qg6 24. Kg2 Qe6 25. Qd3 Nb4 26. Nxg7 Nxd3 27. cxd3 c2 0-1

[Event "Heinola Suomi 100 ottelu Vierumaki"]
[Site "Heinola"]
[Date "2017.11.18"]
[Round "2"]
[White "Valkama, Eero"]
[Black "Staub, Madis"]
[Result "1-0"]
[WhiteElo "2236"]
[BlackElo "1762"]
[PlyCount "57"]
[EventDate "2017.11.17"]
[EventType "swiss"]
[EventRounds "3"]
[EventCountry "FIN"]
[SourceTitle "EXT 2022"]
[Source "ChessBase"]
[SourceDate "2021.10.06"]
[SourceVersion "1"]
[SourceVersionDate "2021.10.06"]
[SourceQuality "1"]

1. e4 Nc6 2. Nf3 f5 3. exf5 d5 4. Bb5 Bxf5 5. Ne5 Qd6 6. d4 a6 7. Bxc6+ bxc6 8. Qf3 g6 9. g4 Be6 10. Qc3 Bg7 11. Bf4 Bd7 12. Nd2 Nh6 13. Qe3 g5 14. Bg3 Qf6 15. h3 Nf7 16. Nxf7 Kxf7 17. Nf3 h6 18. Bxc7 Rac8 19. Be5 Qg6 20. Bxg7 Qxg7 21. Ne5+ Ke8 22. 0-0-0 Rf8 23. h4 Qf6 24. hxg5 hxg5 25. Rh5 Qxf2 26. Qxf2 Rxf2 27. Rh8+ Rf8 28. Rxf8+ Kxf8 29. Nxd7+ 1-0

[Event "EST-ch5 email"]
[Site "Estonia"]
[Date "2003.01.27"]
[Round "?"]
[White "Kaul, Heino"]
[Black "Staub, Madis"]
[Result "1/2-1/2"]
[WhiteElo "2056"]
[BlackElo "2015"]
[PlyCount "97"]
[EventDate "2003.??.??"]
[EventType "tourn (corr)"]
[EventRounds "10"]
[EventCountry "EST"]
[SourceTitle "Corr 2006"]
[Source "ChessBase"]
[SourceDate "2006.04.01"]
[SourceVersion "3"]
[SourceVersionDate "2006.04.01"]
[SourceQuality "1"]

1. e4 e5 2. Nf3 Nc6 3. Bb5 Nf6 4. 0-0 Qe7 5. d3 a6 6. Ba4 b5 7. Bb3 Na5 8. Nc3 c6 9. Bg5 d6 10. d4 Bg4 11. dxe5 dxe5 12. Qd3 Nxb3 13. axb3 Qe6 14. h3 Bxf3 15. Qxf3 Be7 16. Rfd1 0-0 17. Ne2 Rfd8 18. Rxd8+ Bxd8 19. Ng3 a5 20. Rd1 h6 21. Be3 Bc7 22. Nf5 Kh7 23. Qg3 Ne8 24. f3 Rd8 25. Qe1 Nd6 26. Ng3 a4 27. Qb4 axb3 28. cxb3 Nc8 29. Rxd8 Bxd8 30. Nf5 Ne7 31. Nd6 Ba5 32. Qxa5 Qxd6 33. Kf2 f5 34. exf5 Nxf5 35. Qd2 Qg6 36. Qd3 Nd4 37. Qxg6+ Kxg6 38. Bxd4 exd4 39. b4 Kf5 40. g3 g5 41. Ke2 h5 42. Kd3 Ke5 43. h4 gxh4 44. gxh4 Kf4 45. Kxd4 Kxf3 46. Kc5 Kg4 47. Kxc6 Kxh4 48. Kxb5 Kg5 49. Ka4 1/2-1/2

[Event "EST-ch5 email"]
[Site "Estonia"]
[Date "2003.01.27"]
[Round "?"]
[White "Staub, Madis"]
[Black "Siigur, Jueri"]
[Result "0-1"]
[WhiteElo "2015"]
[BlackElo "2409"]
[PlyCount "78"]
[EventDate "2003.??.??"]
[EventType "tourn (corr)"]
[EventRounds "10"]
[EventCountry "EST"]
[SourceTitle "Corr 2006"]
[Source "ChessBase"]
[SourceDate "2006.04.01"]
[SourceVersion "3"]
[SourceVersionDate "2006.04.01"]
[SourceQuality "1"]

1. e4 c5 2. Nf3 d6 3. d4 cxd4 4. Nxd4 Nf6 5. Nc3 a6 6. Be2 e5 7. Nf3 h6 8. 0-0 Be7 9. Bc4 0-0 10. Qd3 Be6 11. Be3 Nbd7 12. Bd5 Nxd5 13. Nxd5 Bxd5 14. exd5 f5 15. Qe2 Qe8 16. c4 Rc8 17. b3 Bf6 18. Rad1 Qh5 19. Rfe1 Qg6 20. Kh1 Rce8 21. Ng1 Bh4 22. Bc1 Nc5 23. Nf3 Be7 24. Ba3 Bf6 25. Bxc5 dxc5 26. Ng1 e4 27. Qd2 Bg5 28. Qc2 Bf4 29. a4 Bd6 30. Ne2 Rf6 31. Ng3 b6 32. Nf1 Re7 33. Qc3 f4 34. Qh3 Rf5 35. Rd2 Kh7 36. f3 Rh5 37. Qc8 exf3 38. Rxe7 Bxe7 39. Rf2 Rg5 0-1

[Event "EST-ch5 email"]
[Site "Estonia"]
[Date "2003.01.27"]
[Round "?"]
[White "Veiper, Andres"]
[Black "Staub, Madis"]
[Result "1/2-1/2"]
[WhiteElo "2200"]
[BlackElo "2015"]
[PlyCount "37"]
[EventDate "2003.??.??"]
[EventType "tourn (corr)"]
[EventRounds "10"]
[EventCountry "EST"]
[SourceTitle "Corr 2006"]
[Source "ChessBase"]
[SourceDate "2006.04.01"]
[SourceVersion "3"]
[SourceVersionDate "2006.04.01"]
[SourceQuality "1"]

1. e4 e5 2. Nc3 Nf6 3. Nf3 Bb4 4. Bc4 0-0 5. 0-0 d6 6. Nd5 Nxd5 7. Bxd5 c6 8. Bb3 Bg4 9. h3 Bh5 10. c3 Bc5 11. d3 Kh8 12. Re1 Nd7 13. Qe2 Bb6 14. Bc2 Qc7 15. b4 a5 16. g4 Bg6 17. Bb2 Qd8 18. a3 Re8 19. Reb1 1/2-1/2

[Event "EST-chB email 4th"]
[Site "Estonia"]
[Date "2002.04.05"]
[Round "?"]
[White "Paltser, Peter"]
[Black "Staub, Madis"]
[Result "0-1"]
[WhiteElo "2035"]
[BlackElo "1900"]
[PlyCount "118"]
[EventDate "2002.??.??"]
[EventType "tourn (corr)"]
[EventRounds "10"]
[EventCountry "EST"]
[SourceTitle "Corr 2006"]
[Source "ChessBase"]
[SourceDate "2006.04.01"]
[SourceVersion "3"]
[SourceVersionDate "2006.04.01"]
[SourceQuality "1"]

1. e4 Nc6 2. Nf3 e5 3. Bb5 Bc5 4. c3 Nf6 5. d4 exd4 6. e5 Nd5 7. cxd4 Bb4+ 8. Bd2 Bxd2+ 9. Qxd2 a6 10. Bc4 Nb6 11. Na3 d6 12. exd6 Qxd6 13. 0-0 0-0 14. Qd3 Bg4 15. Ng5 g6 16. Ne4 Bf5 17. Nxd6 Bxd3 18. Bxd3 cxd6 19. Nc2 Rfe8 20. f3 Nd5 21. Be4 Nc7 22. Bxc6 bxc6 23. Nb4 Rab8 24. Nxc6 Rxb2 25. Rf2 Ree2 26. Rxe2 Rxe2 27. Nb4 a5 28. Nc6 a4 29. a3 Nb5 30. Na5 Nxd4 31. Nc4 Nf5 32. Rd1 Ne3 33. Rd2 Rxd2 34. Nxd2 d5 35. Kf2 Nc2 36. Nb1 Kg7 37. Ke2 Nd4+ 38. Kd3 Nb5 39. Nc3 Nxc3 40. Kxc3 Kf6 41. Kb4 Ke5 42. Kxa4 Kd4 43. Kb3 Kd3 44. a4 d4 45. a5 Ke2 46. a6 d3 47. a7 d2 48. a8Q d1Q+ 49. Kc4 Kf1 50. Qg8 Qc2+ 51. Kd4 Qd2+ 52. Ke5 Qg5+ 53. Kd6 Qf6+ 54. Kc5 h5 55. g4 h4 56. Qa8 Kf2 57. Qd5 Qxf3 58. Qd2+ Kf1 59. Qg5 h3 0-1